000 00687nam a22001937a 4500
999 _c13824
_d13824
008 190422b ||||| |||| 00| 0 eng d
020 _a9781464802294
082 _22014
_aAV-Eb 352.266
_bB218
110 _aWorld Bank
_938431
245 _aCorporate governance of state-owned enterprises:
_ba toolkit /
_cWorld Bank.
260 _bWorld Bank Publications,
_c©2014.
300 _a315 pages;
500 _aIncludes index.
650 _aCorporate governance.
_938432
650 _aGovernment business enterprises.
_938433
650 _aGovernment ownership.
_938434
856 _yhttps://ebookcentral.proquest.com/lib/uniofmindanao-ebooks/detail.action?docID=1813570
942 _2ddc
_cEB